El peregrino en babilonia y otros poemas /

Guardado en:
Autor Principal: Tejeda, Luis De
Formato: Libro
Publicado: Buenos Aires : La Facultad, 1916
Series:Bibl.argentina, 10
Materias:
Etiquetas: Agregar Etiqueta
Sin Etiquetas, Sea el primero en etiquetar este registro!
LEADER 00519nam a22001695a 4500
001 EHU.bham009992
003 AR-BHAM
005 20080417150819.0
008 130507s1916##################000#0#####d
082 A 8 |a 861.1 
100 1 |a Tejeda, Luis De 
245 1 0 |a El peregrino en babilonia y otros poemas /  |c Luis De Tejeda 
260 |a Buenos Aires :  |b La Facultad,  |c 1916 
300 |a 287 p. 
490 0 |a Bibl.argentina, 10 
653 |a Poesia argentina-1519-1826 
859 |a AR-BHAM  |b BIB. HUMANIDADES - General  |h A861.1  |i T235  |k A  |p 366.92  |t Ej.1